La fusión dinástica : (Record no. 164539)

MARC details
000 -LEADER
campo de control de longitud fija 01028nam a2200253 i 4500
001 - NÚMERO DE CONTROL
campo de control 164539
003 - IDENTIFICADOR DE NÚMERO DE CONTROL
campo de control ES-MaACL
005 - FECHA Y HORA DE LA ÚLTIMA TRANSACCIÓN
campo de control 20231229063049.0
008 - DATOS DE LONGITUD FIJA--INFORMACIÓN GENERAL
campo de control de longitud fija 990901s1869 sp |||| | spa d
080 ## - NÚMERO DE LA CLASIFICACIÓN DECIMAL UNIVERSAL
Número de la Clasificación Decimal Universal 929.2 Borbón (460)
100 1# - ENTRADA PRINCIPAL--NOMBRE DE PERSONA
Nombre de persona Sánchez, Miguel,
Fechas asociadas al nombre 1833-1889
9 (RLIN) 102411
245 13 - MENCIÓN DEL TÍTULO
Título La fusión dinástica :
Resto del título carta a un personaje carlista /
Mención de responsabilidad, etc. por D. Miguel Sánchez.
260 ## - PUBLICACIÓN, DISTRIBUCIÓN, ETC.
Lugar de publicación, distribución, etc. Madrid :
Nombre del editor, distribuidor, etc. [s.n.],
Fecha de publicación, distribución, etc. 1869 (
Fabricante Estab. Tip. de R. Vicente)
300 ## - DESCRIPCIÓN FÍSICA
Extensión 55 p. ;
Dimensiones 18 cm.
510 4# - NOTA DE CITAS O REFERENCIAS BIBLIOGRÁFICAS
Nombre de la fuente Palau,
Localización dentro de la fuente 294366
530 ## - NOTA DISPONIBLE DE FORMULARIO FÍSICO ADICIONAL
Nota de formato físico adicional disponible Disponible en formato digital.
597 ## - NOTA DE DESCRIPCIÓN FÍSICA
NOTA DE DESCRIPCIÓN FÍSICA Antep.
600 34 - PUNTO DE ACCESO ADICIONAL DE MATERIA--NOMBRE DE PERSONA
Nombre de persona Borbón, Casa de-
Subdivisión geográfica España.
9 (RLIN) 30350
852 4# - LOCALIZACIÓN
Ubicación ES-MaACL
Número de control de estantería L-4900(2)
Nota libre - Enc. hol.
-- - Donativo Roda
852 4# - LOCALIZACIÓN
Ubicación ES-MaACL
Número de control de estantería T-109-F-5
Nota libre - Enc. hol.
-- - Enc. en un vol. facticio
856 4# - LOCALIZACIÓN Y ACCESO ELECTRÓNICOS
Identificador Uniforme de Recursos <a href="http://bdh-rd.bne.es/viewer.vm?id=0000261724&page=1 ">http://bdh-rd.bne.es/viewer.vm?id=0000261724&page=1 </a>
Nota pública Biblioteca Digital Hispánica
856 4# - LOCALIZACIÓN Y ACCESO ELECTRÓNICOS
Identificador Uniforme de Recursos <a href="http://www.liburuklik.euskadi.eus/handle/10771/24997 ">http://www.liburuklik.euskadi.eus/handle/10771/24997 </a>
Nota pública Biblioteca Digital Vasca
Holdings
Estatus retirado Estado de pérdida Estado de daño No para préstamo Colección Biblioteca de origen Biblioteca actual Ubicación en estantería Fecha de adquisición Total de préstamos Signatura topográfica completa Código de barras Visto por última vez Precio de reemplazo Tipo de ítem Koha Fuente de adquisición
        Colección de folletos Biblioteca del Ateneo de Madrid Biblioteca del Ateneo de Madrid Depósito folletos 17/01/2008   T-109-F-5 1172476 23/02/2023 23/02/2023 Folleto  
        Colección digital Biblioteca del Ateneo de Madrid Biblioteca del Ateneo de Madrid Depósito 2 17/01/2008   L-4900(2) 1172475 23/02/2023 23/02/2023 Libro impreso antiguo